000 01220nam0a22003131 4500
001 v19\rc\1723470
005 20230919105714.0
035 _a(NLR Aleph) 005246981
090 _a5764152
_c5764152
100 _a20061002f19101919|||y0rusy50 ca
101 0 _arus
102 _aRU
105 _aa z |||a|
200 1 _aМайская ночь, или Утопленница
_e[Повесть]
_eНародное изд.
_fН. Гоголь
_gС 31 рис. И. Храброва
205 _a6-е изд.
210 _aПетроград
_cА.Ф. Маркс
_d[191-?]
215 _a56 с.
_cил.
_d17
517 0 _aУтопленница
532 1 3 _aМайская ночь, или Утопленница
700 1 _aГоголь
_bН. В.
_f1809-1852
_gНиколай Васильевич
_3RU\NLR\AUTH\773480
_7ca
702 1 _aГрабарь
_bИ. Э.
_cхудожник, искусствовед
_f1871-1960
_gИгорь Эммануилович
_3RU\NLR\AUTH\7768699
_4440
801 0 _aRU
_bNLR
_c20061002
_gpsbo
801 0 _aRU
_bRuMoRGB
_c20061002
_2psbo
801 1 _aRU
_bProSoft-M
_c20061002
_2rusmarc
801 2 _aRU
_bNLR
_c20091201
_2rusmarc
852 _aNLR
_j70-2/644
942 _cBOOK
980 _aNB